Регионална библиотека "Любен Каравелов" - Русе

Ангелология (Запис номер 91439)

MARC детайли
000 -Лидер
Контролно поле с фиксирана дължина 01647nam a2200349 c 4500
003 - Код на организацията, давaща контролен номер
Контролно поле BLK
005 - Дата и час на последна редакция
Контролно поле 20210525115135.0
008 - Елементи от данни с фиксирана дължина
fixed length control field 180408b bul|||||r ||||||| ||bul||
010 ## - Наследен системен номер
LC control number KNG00096196000
020 ## - Международен стандартен номер на книга ISBN
Международен стандартен номер на книга ISBN 978-954-28-0673-8
-- издат.: Сиела Софт енд Паблишинг
040 ## - Източник на каталожния запис
Идентификатор на билиотеката - собственик на записа BLK
041 ## - Код за език
Код за езика на текст/звукозапис или на отделно заглавие Български
Код за езика КДБФ Български
072 #7 - Код за тематичната категория
Код организация bullib
Код за тематична категория Н83
Текст Чужда художествена литература Н
080 ## - УДК
Текстов определител УДК Американска литература (на САЩ)
УДК код - определител по УДК 821.111(73)
УДК определител -31
УДК - код + определител 821.111(73)-31
100 1# - Редна дума - Автор
Автор Трусони, Даниел
Авторска отговорност първи автор
R(LIN) 131609
139 ## - Редно поле
Редна дума Трусони, Даниел
Авторски знак Тру - Т 87
245 10 - Сведения за заглавието
Заглавие Ангелология
Подзаглавни данни Роман
Редно поле (дума) Даниел Трусони; прев. от англ. Юлия Петрова Бучкова; * Юлия Петрова Бучкова-Малеева.
257 ## - Страна на издаване
Страна на създаване/издаване Съединени американски щати
260 ## - Област на издателските данни
-- София
Име на издателя, разпространителя и проч. Сиела Софт енд Паблишинг
Година на издаване 2010
Печатница Костинброд : Мултипринт
300 ## - Физическа характеристика
Страници 568 с.
Размери/Мащаб 21 см
380 ## - Жанр
Жанр Худож. лит.
500 ## - Общи забележки
Забележка Ориг. загл. Angelology / Danielle Trussoni. - Прев. известна като Юлия Петрова Бучкова-Малеева.
653 ## - Ключова дума – ненормативна
Ключова дума романи
659 ## - Тематичен бюлетин
Тематичен бюлетин Н
700 1# - Други автори (авторска отговорност)
Лично име Бучкова, Юлия Петрова
Автороска отговорност (Описва отношението между автора и произведението) прев. от англ.
Друга информация Бучкова-Малеева, Юлия Петрова
9 (RLIN) 363415
700 1# - Други автори (авторска отговорност)
Лично име Бучкова-Малеева, Юлия Петрова
Автороска отговорност (Описва отношението между автора и произведението) *
9 (RLIN) 365048
852 ## - Местоположение
Форматна сигнатура Цб 248147
856 4# - Електронен адрес и достъп
Електронен формат pdf - файл
Път до файла /url/
856 4# - Електронен адрес и достъп
Електронен формат pdf - файл
Път до файла /url/
942 ## - АРТИКУЛИ
Вид на библиотечния материал Книги
Скрит в OPAC Не
Koha issues (borrowed), all copies 12
944 ## - СЪЗДАВАНЕ И РЕДАКЦИЯ на ЗАПИСА
Създаване/Редакция Създаване
Дата на регистрацията/редакция 19.05.2010
Статус, дата на статуса ф /
Служител, извършил регистрацията/редакцията Виолета_Тройчева
944 ## - СЪЗДАВАНЕ И РЕДАКЦИЯ на ЗАПИСА
Създаване/Редакция Редакция
Дата на регистрацията/редакция 14.08.2012
Статус, дата на статуса ф /
Служител, извършил регистрацията/редакцията
999 ## - СИСТЕМНИ КОНТРОЛНИ НОМЕРА
Koha biblionumber 91439
Koha biblioitemnumber 91439
Наличности
Код за отписване Код за изгубен артикул Код за повреда Коз за рестрикции Код за отдаване Артикулен № Име на библиотеката - собственик Име на библиотеката, в която се намира в момента Статус (Текущо местоположение) Дата на вписване в системата Местоположение - отдел Цена в лева Инвентарен номер Систематично азбучна сигнатура Баркод Номер на екземпляра Цена в евро Служебна бележка Служебен тип на артикула Източник на класификационната схема
Изтеглен Не е изгубен Не е повреден без рестрикции заемане за дома 147499 Регионална библиотека "Любен Каравелов" Русе Регионална библиотека "Любен Каравелов" Русе Заемна - подръчен фонд 2010-05-18 Заемна - подръчен фонд 18.00 120000744447 П 820(73)-31/Т 87 120000744447 1 9.20 Дост: Pk Вид: Ф N: 27777 Дата: 18.05.2010 Дата инв: 13.02.2018 Бележки инв: П2018 Книги  
  Не е изгубен Не е повреден без рестрикции заемане за дома 147500 Регионална библиотека "Любен Каравелов" Русе Регионална библиотека "Любен Каравелов" Русе Дубликат 2010-05-21 Заемна - подръчен фонд 18.00 120000744546 П 820(73)-31/Т 87 120000744546 2 9.20 Дост: DA Вид: А N: 15 Дата: 21.05.2010 Дата инв: 13.02.2018 Бележки инв: П2018 Книги Universal Decimal Classification
  Не е изгубен Не е повреден без рестрикции заемане за дома 147501 Регионална библиотека "Любен Каравелов" Русе Регионална библиотека "Любен Каравелов" Русе Заемна - подръчен фонд 2011-03-29 Заемна - подръчен фонд 18.00 120000750241 П 820(73)-31/Т 87 120000750241 3 9.20 Дост: DA Вид: А N: 4 Дата: 29.03.2011 Книги  
  Не е изгубен Не е повреден без рестрикции ползва се в читалня 147502 Регионална библиотека "Любен Каравелов" Русе Регионална библиотека "Любен Каравелов" Русе Хранилище 2012-08-14 Хранилище 18.00 120000759162 Цб 248147 120000759162 4 9.20 Дост: Dp Вид: Д N: 26 Дата: 29.06.2011 Книги  
Vip Innovations Ltd, Rousse, Bulgaria 2025